[Event "Asian Nations Cup w 2014"]
[Site "Tabriz IRI"]
[Date "2014.05.22"]
[Round "1.1"]
[White "Asgarizadeh, Minoo"]
[Black "Pourkashiyan, Atousa"]
[Result "0-1"]
[WhiteTitle "WFM"]
[BlackTitle "WGM"]
[WhiteElo "2109"]
[BlackElo "2351"]
[WhiteTeam "Iran B"]
[BlackTeam "Iran A"]
[WhiteFideId "12512230"]
[BlackFideId "12502014"]
[EventDate "2014.05.22"]

1. e4 e5 2. Nf3 Nc6 3. Bb5 a6 4. Ba4 Nf6 5. O-O Be7 6. Re1 b5 7. Bb3 d6 8. c3
O-O 9. h3 Nb8 10. d4 Nbd7 11. Nbd2 Bb7 12. Bc2 Re8 13. Nf1 Bf8 14. Ng3 g6 15. b3
Bg7 16. Bb2 c6 17. c4 bxc4 18. bxc4 exd4 19. Bxd4 Qc7 20. Rb1 a5 21. Qd2 Ba6 22.
Ba4 Re7 23. Qf4 c5 24. Bxd7 cxd4 25. Bb5 Nd7 26. Qd2 Ne5 27. Nxd4 Nxc4 28. Qd3
Ne5 29. Qd2 Nc4 30. Qd3 Ne5 31. Qa3 Bb7 32. Rec1 Qd8 33. f4 Qb6 34. Qa4 Qxd4+
35. Qxd4 Nf3+ 36. gxf3 Bxd4+ 37. Kg2 Be3 38. Rc2 Bxf4 39. Ne2 Be3 40. Bd3 d5 41.
exd5 Bxd5 42. Nc3 Be6 43. Rb5 Rd8 44. Be4 Rc7 45. Nb1 Rxc2+ 46. Bxc2 Bxa2 47.
Rxa5 Be6 48. Be4 Rd1 49. Ra3 Bf4 50. Rd3 Rc1 51. Rc3 Re1 52. Bd3 Kg7 53. Na3 Re5
54. Bf1 Rg5+ 55. Kf2 Rh5 56. Bc4 Bxh3 57. Rb3 Bc8 58. Nb5 Rh2+ 59. Kg1 Bh3 60.
Nd4 Rg2+ 61. Kh1 Rd2 62. Ne2 Rd1+ 63. Ng1 Bf1 64. Bxf1 Rxf1 65. Kg2 Rd1 66. Rb2
h5 67. Nh3 Be3 68. Re2 Rd3 69. Rc2 Kf6 70. Rc6+ Kf5 71. Rc2 g5 72. Ra2 0-1

[Event "Asian Nations Cup w 2014"]
[Site "Tabriz IRI"]
[Date "2014.05.22"]
[Round "1.1"]
[White "Khademalsharieh, Sarasadat"]
[Black "Derakhshani, Dorsa"]
[Result "1/2-1/2"]
[WhiteTitle "WGM"]
[BlackTitle "WFM"]
[WhiteElo "2308"]
[BlackElo "2169"]
[WhiteTeam "Iran A"]
[BlackTeam "Iran B"]
[WhiteFideId "12512214"]
[BlackFideId "12500330"]
[EventDate "2014.05.22"]

1. Nf3 Nf6 2. c4 e6 3. g3 b6 4. Bg2 Bb7 5. Nc3 Be7 6. O-O O-O 7. Re1 d5 8. cxd5
exd5 9. d4 Nbd7 10. Ne5 Nxe5 11. dxe5 Ne4 12. Nxe4 dxe4 13. Qc2 Qd5 14. Bf4 c5
15. a4 g5 16. Rad1 Qe6 17. Bd2 Qxe5 18. f4 gxf4 19. Bxf4 Qe6 20. e3 Rad8 21. Bf1
Bd5 22. Qc1 Bb3 23. Rxd8 Rxd8 24. a5 c4 25. axb6 axb6 26. Be2 b5 27. Rf1 Qd5 28.
Bc7 Rd7 29. Bb6 Bc5 30. Bxc5 Qxc5 31. Rf4 f5 32. g4 Rd5 33. gxf5 Rxf5 34. Rxe4
Rg5+ 35. Kf2 Qf5+ 36. Rf4 Qg6 37. Qh1 Rf5 38. Qa8+ Kg7 39. Qb7+ Kh6 40. Bf3 Rxf4
41. exf4 Qc2+ 42. Kg3 Qg6+ 43. Kf2 Qc2+ 44. Kg3 Qg6+ 45. Kf2 1/2-1/2

[Event "Asian Nations Cup w 2014"]
[Site "Tabriz IRI"]
[Date "2014.05.22"]
[Round "1.1"]
[White "Gholami Orimi, Anahita"]
[Black "Hejazipour, Mitra"]
[Result "1/2-1/2"]
[BlackTitle "WIM"]
[WhiteElo "1981"]
[BlackElo "2249"]
[WhiteTeam "Iran B"]
[BlackTeam "Iran A"]
[WhiteFideId "12560260"]
[BlackFideId "12505951"]
[EventDate "2014.05.22"]

1. d4 Nf6 2. c4 e6 3. Nc3 Bb4 4. Qc2 O-O 5. a3 Bxc3+ 6. Qxc3 d6 7. Bg5 Nbd7 8.
e3 b6 9. Ne2 Bb7 10. Qc2 h6 11. Bh4 c5 12. Rd1 Qe7 13. Nc3 cxd4 14. Rxd4 Rfd8
15. f3 d5 16. cxd5 exd5 17. Bf2 Ne5 18. Be2 a6 19. O-O b5 20. Re1 Rac8 21. Bf1
Qe6 22. Red1 Rd7 23. Qb3 Nc6 24. R4d2 Na5 25. Qc2 Nc4 26. Bxc4 Rxc4 27. Rd4 Rdc7
28. Qd3 Rc8 29. Qd2 Kf8 30. Qd3 Kg8 31. Qd2 R8c7 32. Qd3 Rd7 33. Qd2 Rc8 34. Bh4
g5 35. Bf2 Rdc7 36. h3 Rc4 37. Qd3 Qe5 38. Re1 Re8 39. Qd2 Kg7 40. Qd3 Rec8 41.
Rd1 Kg8 42. Qd2 Kg7 43. Qd3 Kg8 1/2-1/2

[Event "Asian Nations Cup w 2014"]
[Site "Tabriz IRI"]
[Date "2014.05.22"]
[Round "1.1"]
[White "Ghader Pour, Shayesteh"]
[Black "Asadi, Motahare"]
[Result "1-0"]
[WhiteTitle "WIM"]
[BlackTitle "WFM"]
[WhiteElo "2196"]
[BlackElo "1749"]
[WhiteTeam "Iran A"]
[BlackTeam "Iran B"]
[WhiteFideId "12500747"]
[BlackFideId "12561932"]
[EventDate "2014.05.22"]

1. e4 c6 2. d4 d5 3. exd5 cxd5 4. Bd3 Nc6 5. c3 Nf6 6. Bf4 Bg4 7. Qb3 Qd7 8. Nd2
e6 9. Ngf3 Bd6 10. Bg3 Bxf3 11. Nxf3 O-O 12. O-O Rab8 13. Rae1 Qc7 14. Qd1 b5
15. Ne5 b4 16. h4 bxc3 17. bxc3 Rb2 18. h5 h6 19. Bf4 Rfb8 20. Qf3 Rxa2 21. Nxc6
Qxc6 22. Bxh6 Bf8 23. Bxg7 Bxg7 24. h6 Bxh6 25. Qg3+ Kf8 26. Qxb8+ Ne8 27. Bb5
Bf4 28. Qxf4 Qxb5 29. Rxe6 Ra6 30. Qh6+ 1-0

[Event "Asian Nations Cup w 2014"]
[Site "Tabriz IRI"]
[Date "2014.05.22"]
[Round "1.2"]
[White "Ju, Wenjun"]
[Black "Nguyen, Thi Mai Hung"]
[Result "1-0"]
[WhiteTitle "WGM"]
[BlackTitle "WIM"]
[WhiteElo "2526"]
[BlackElo "2316"]
[WhiteTeam "China"]
[BlackTeam "Vietnam"]
[WhiteFideId "8603006"]
[BlackFideId "12401676"]
[EventDate "2014.05.22"]

1. d4 d5 2. c4 c6 3. Nf3 Nf6 4. Qc2 g6 5. Bf4 Bg7 6. e3 Bf5 7. Bd3 Bxd3 8. Qxd3
O-O 9. O-O Nbd7 10. Nc3 Re8 11. Rac1 Rc8 12. cxd5 cxd5 13. Nb5 Qa5 14. Qb3 Nb6
15. Bc7 Qa6 16. Nd2 Rf8 17. Rc3 e6 18. Rfc1 Ne8 19. Bg3 Rxc3 20. Rxc3 Nf6 21.
Qb4 Qa4 22. Qxa4 Nxa4 23. Rc2 a6 24. Nd6 b5 25. b3 Nb6 26. Rc6 Nfd7 27. Nf3 f6
28. Ne1 Ra8 29. Nd3 Bf8 30. Nb7 Rc8 31. Rxc8 Nxc8 32. Nd8 e5 33. dxe5 fxe5 34.
Nxe5 Nc5 35. Ndc6 Nd6 36. Nb4 Nde4 37. Nxd5 Bd6 38. Nc6 Nxg3 39. hxg3 Nd3 40. a4
bxa4 41. bxa4 Kf7 42. Kf1 Nc5 43. Nc3 Ke6 44. Nd4+ Kf7 45. f4 Bc7 46. e4 Ba5 47.
Nde2 Nd3 48. Nd1 g5 49. e5 Bd2 50. Nf2 Nc5 51. f5 h5 52. g4 hxg4 53. Nxg4 Nxa4
54. Nd4 Nc5 55. e6+ Kf8 56. f6 Bc3 57. e7+ Kf7 58. Nf5 Ne4 59. Ngh6+ 1-0

[Event "Asian Nations Cup w 2014"]
[Site "Tabriz IRI"]
[Date "2014.05.22"]
[Round "1.2"]
[White "Hoang, Thi Bao Tram"]
[Black "Tan, Zhongyi"]
[Result "1-0"]
[WhiteTitle "WGM"]
[BlackTitle "WGM"]
[WhiteElo "2288"]
[BlackElo "2460"]
[WhiteTeam "Vietnam"]
[BlackTeam "China"]
[WhiteFideId "12401102"]
[BlackFideId "8603642"]
[EventDate "2014.05.22"]

1. d4 Nf6 2. Nf3 e6 3. e3 b6 4. Bd3 Bb7 5. O-O d5 6. c4 Be7 7. b3 O-O 8. cxd5
exd5 9. Bb2 Nbd7 10. Nc3 a6 11. Rc1 Bd6 12. Ne2 Re8 13. Ng3 g6 14. Qc2 Ng4 15.
Rfe1 Rc8 16. e4 Bb4 17. Re2 c5 18. Qd1 cxd4 19. Rxc8 Qxc8 20. exd5 Bc3 21. Ne4
Bxb2 22. Nd6 Rxe2 23. Nxc8 Rxf2 24. Qe1 Kg7 25. h3 Rxf3 26. gxf3 Nge5 27. Be2 d3
28. Bd1 Bxd5 29. Kg2 Bd4 30. Nd6 Nc5 31. Qh4 Ne6 32. Ne8+ Kf8 33. Nf6 Bc6 34.
Nxh7+ Kg7 35. Ng5 Nxg5 36. Qxg5 b5 37. Qd8 Bc3 38. Kf2 b4 39. Qa5 d2 40. Qxa6
Bd4+ 41. Ke2 Bc3 42. Ke3 Bd7 43. f4 Nc6 44. Qb7 Be8 45. Qc8 Kf8 46. Kd3 Ke7 47.
Bg4 f5 48. Bd1 Nd4 49. Qxc3 bxc3 50. Kxd4 g5 51. Kxc3 gxf4 52. Kxd2 Kd6 53. Bf3
Bf7 54. Kc3 Be6 55. a4 Kc5 56. b4+ Kb6 57. h4 Bd7 58. a5+ Kb5 59. Be2+ Ka4 60.
h5 1-0

[Event "Asian Nations Cup w 2014"]
[Site "Tabriz IRI"]
[Date "2014.05.22"]
[Round "1.2"]
[White "Hoang, Thi Nhu Y"]
[Black "Guo, Qi"]
[Result "1/2-1/2"]
[WhiteTitle "WIM"]
[BlackTitle "WGM"]
[WhiteElo "2225"]
[BlackElo "2442"]
[WhiteTeam "Vietnam"]
[BlackTeam "China"]
[WhiteFideId "12401455"]
[BlackFideId "8604002"]
[EventDate "2014.05.22"]

1. d4 d5 2. c4 e6 3. Nc3 Bb4 4. Nf3 Nf6 5. cxd5 exd5 6. Qa4+ Nc6 7. Ne5 Bd7 8.
Nxc6 Bxc3+ 9. bxc3 Bxc6 10. Qa3 Bb5 11. Bg5 h6 12. Bf4 Qd7 13. g3 Nh5 14. Be3 f5
15. Bg2 Kf7 16. Bf3 Nf6 17. Bf4 Rhe8 18. Be5 Qc6 19. Bxf6 Kxf6 20. Qb2 Re7 21.
O-O Bc4 22. Rfc1 b6 23. e3 Kf7 24. Be2 a5 25. Rab1 Rd8 26. Bxc4 Qxc4 27. Qb3 g5
28. Qxc4 dxc4 29. Rb5 Kf6 30. Kg2 g4 31. Rh1 h5 32. h3 Kg6 33. hxg4 hxg4 34. a4
Ree8 35. Rd1 Rd6 36. Rh1 Rdd8 37. Rd1 Rd6 38. Rh1 Rdd8 39. Ra1 1/2-1/2

[Event "Asian Nations Cup w 2014"]
[Site "Tabriz IRI"]
[Date "2014.05.22"]
[Round "1.3"]
[White "Harika, Dronavalli"]
[Black "Nakhbayeva, Guliskhan"]
[Result "1-0"]
[WhiteTitle "GM"]
[BlackTitle "WGM"]
[WhiteElo "2503"]
[BlackElo "2317"]
[WhiteTeam "India"]
[BlackTeam "Kazakhstan"]
[WhiteFideId "5015197"]
[BlackFideId "13704788"]
[EventDate "2014.05.22"]

1. Nf3 d5 2. b3 Nf6 3. Bb2 e6 4. g3 Be7 5. Bg2 O-O 6. O-O c5 7. e3 Nc6 8. Qe2 b6
9. c4 Ba6 10. Nc3 Rc8 11. d3 Re8 12. Rfd1 Bf8 13. Bh3 Rb8 14. Bg2 Rc8 15. Nb5 e5
16. Nc3 d4 17. Nd5 g6 18. e4 Bg7 19. Bc1 Nxd5 20. cxd5 Ne7 21. Bh3 Rc7 22. Nd2
Nc8 23. a4 Nd6 24. Nc4 Bxc4 25. bxc4 Rb7 26. Rf1 f5 27. f3 Kh8 28. Bd2 Qf6 29.
Rab1 h6 30. a5 Kh7 31. axb6 axb6 32. Ra1 Qe7 33. Ra6 Rf8 34. Rb1 b5 35. cxb5
Rxb5 36. Rxb5 Nxb5 37. Ra1 fxe4 38. fxe4 Nd6 39. Be6 Bf6 40. Rf1 Rb8 41. h4 Rb2
42. Rf2 Bg7 43. Kg2 Rb3 44. h5 gxh5 45. Qxh5 Rxd3 46. Bf5+ Nxf5 47. Qxf5+ Kg8
48. Qc8+ Kh7 49. Qf5+ Kg8 50. Qg6 Rxd2 51. Rxd2 Qg5 52. Qxg5 hxg5 53. Rc2 Bf8
54. Kf3 Kf7 55. g4 Ke8 56. Ke2 Kd7 57. Kd3 Kc7 58. Kc4 1-0

[Event "Asian Nations Cup w 2014"]
[Site "Tabriz IRI"]
[Date "2014.05.22"]
[Round "1.3"]
[White "Abdumalik, Zhansaya"]
[Black "Tania, Sachdev"]
[Result "1/2-1/2"]
[WhiteTitle "WIM"]
[BlackTitle "IM"]
[WhiteElo "2350"]
[BlackElo "2422"]
[WhiteTeam "Kazakhstan"]
[BlackTeam "India"]
[WhiteFideId "13703544"]
[BlackFideId "5007844"]
[EventDate "2014.05.22"]

1. e4 e5 2. Nf3 Nc6 3. Bb5 a6 4. Ba4 Nf6 5. O-O Be7 6. Re1 b5 7. Bb3 O-O 8. a4
b4 9. d4 d6 10. dxe5 dxe5 11. Nbd2 Bb7 12. c3 Bc5 13. Qe2 Na5 14. Bc2 Qe7 15.
Nc4 Nxc4 16. Qxc4 Ng4 17. Rf1 a5 18. cxb4 axb4 19. Qe2 Rfd8 20. Bg5 f6 21. Bb3+
Kh8 22. Bh4 Nh6 23. Rfc1 Bb6 24. Kh1 Nf7 25. a5 Rxa5 26. Rxa5 Bxa5 27. Bxf7 Qxf7
28. Nxe5 Qe6 29. Qh5 Kg8 30. f3 Bb6 31. h3 Ra8 32. Nc4 Bd4 33. Qb5 Ba6 34. Qxb4
c5 35. Qa4 Rb8 36. b3 Rb4 37. Qa2 Bxc4 38. Rxc4 Rb6 39. Bf2 Ra6 40. Qe2 Ra1+ 41.
Kh2 Qd6+ 42. g3 Bxf2 43. Qxf2 Qd1 44. Qg2 Qxb3 45. Rc2 c4 46. Qe2 c3 47. Qd3 Qb6
48. h4 h5 49. Qd5+ Kf8 50. Qxh5 Rh1+ 51. Kxh1 Qb1+ 52. Kh2 Qxc2+ 53. Kh3 Qd2 54.
Qh8+ Kf7 55. Qh5+ Kf8 56. Qh8+ Kf7 57. Qh5+ Ke7 58. Qc5+ Kd7 59. Qb5+ Ke7 60.
Qc5+ Kd7 61. Qb5+ Ke7 62. Qc5+ Kd7 63. Qb5+ 1/2-1/2

[Event "Asian Nations Cup w 2014"]
[Site "Tabriz IRI"]
[Date "2014.05.22"]
[Round "1.3"]
[White "Karavade, Eesha"]
[Black "Saduakassova, Dinara"]
[Result "1/2-1/2"]
[WhiteTitle "IM"]
[BlackTitle "WGM"]
[WhiteElo "2399"]
[BlackElo "2335"]
[WhiteTeam "India"]
[BlackTeam "Kazakhstan"]
[WhiteFideId "5012600"]
[BlackFideId "13700090"]
[EventDate "2014.05.22"]

1. c4 e6 2. Nc3 Nf6 3. e4 d5 4. e5 d4 5. exf6 dxc3 6. bxc3 Qxf6 7. Nf3 c5 8. g3
Nc6 9. Bg2 Be7 10. O-O e5 11. Re1 O-O 12. Qe2 Bd6 13. d3 e4 14. dxe4 Qxc3 15.
Bb2 Qa5 16. Qc2 Bg4 17. e5 Be7 18. Nd2 Rad8 19. Nb3 Qc7 20. a3 Nd4 21. Nxd4 cxd4
22. Be4 g6 23. Rac1 Bc5 24. Bd5 Rfe8 25. Qd2 Be6 26. Bxd4 Bxd5 27. Bxc5 1/2-1/2

[Event "Asian Nations Cup w 2014"]
[Site "Tabriz IRI"]
[Date "2014.05.22"]
[Round "1.3"]
[White "Dauletova, Gulmira"]
[Black "Gomes, Mary Ann"]
[Result "1/2-1/2"]
[WhiteTitle "WIM"]
[BlackTitle "WGM"]
[WhiteElo "2244"]
[BlackElo "2359"]
[WhiteTeam "Kazakhstan"]
[BlackTeam "India"]
[WhiteFideId "13702971"]
[BlackFideId "5013623"]
[EventDate "2014.05.22"]

1. e4 c5 2. Nf3 d6 3. Bb5+ Nd7 4. d4 cxd4 5. Qxd4 e5 6. Qd3 a6 7. Bxd7+ Bxd7 8.
O-O h6 9. c4 Nf6 10. Nc3 Rc8 11. a4 Qa5 12. Be3 Be6 13. Nd2 Be7 14. b3 O-O 15.
Rfb1 Ng4 16. Nf1 f5 17. f3 fxe4 18. Nxe4 Nf6 19. Bd2 Qb6+ 20. Be3 Qc6 21. Rd1
Rcd8 22. Rac1 d5 23. cxd5 Qxd5 24. Qxd5 Bxd5 25. Nxf6+ Rxf6 26. Nd2 Rc6 27. Nc4
Be6 28. Na5 Rxc1 29. Rxc1 Rd3 30. Bb6 Bxb3 31. Nxb3 Rxb3 32. a5 Rb5 33. Rc8+ Kh7
34. Rc7 Bb4 35. Kf1 Kg6 36. Ke2 Bxa5 37. Bxa5 Rxa5 38. Rxb7 Ra2+ 39. Kf1 a5 40.
Ra7 a4 41. Kg1 a3 42. h4 h5 43. Kh2 Kf6 44. Kh3 g6 45. Ra6+ Kf5 46. Kg3 g5 47.
hxg5 Kxg5 48. Ra4 Ra1 49. Kh2 Kf5 50. g3 Ra2+ 51. Kh3 Ke6 52. Ra5 Kd6 53. g4
hxg4+ 54. Kxg4 Rg2+ 55. Kh3 Ra2 56. Kg3 Ke6 57. Kh3 Kd6 58. Kg3 Kc6 59. Rxe5 Rc2
60. Ra5 a2 61. f4 Kb6 62. Ra8 Kb5 63. f5 Kb4 64. f6 Rc6 1/2-1/2

[Event "Asian Nations Cup w 2014"]
[Site "Tabriz IRI"]
[Date "2014.05.23"]
[Round "2.1"]
[White "Pourkashiyan, Atousa"]
[Black "Nakhbayeva, Guliskhan"]
[Result "1-0"]
[WhiteTitle "WGM"]
[BlackTitle "WGM"]
[WhiteElo "2351"]
[BlackElo "2317"]
[WhiteTeam "Iran A"]
[BlackTeam "Kazakhstan"]
[WhiteFideId "12502014"]
[BlackFideId "13704788"]
[EventDate "2014.05.22"]

1. e4 e6 2. d4 d5 3. Nc3 Nf6 4. e5 Nfd7 5. f4 c5 6. Nf3 Nc6 7. Be3 Be7 8. Qd2
O-O 9. Be2 f6 10. exf6 Nxf6 11. dxc5 Bd7 12. Ne5 Qa5 13. Nxc6 bxc6 14. Ne4 Qc7
15. Nf2 a5 16. Bd4 Be8 17. O-O Bg6 18. Bd3 Bxd3 19. cxd3 Kh8 20. Rae1 Nd7 21.
Qc3 Bf6 22. Ng4 Bxd4+ 23. Qxd4 Qa7 24. Rxe6 Qxc5 25. Qe3 Rab8 26. b3 Qc2 27. Re7
Nf6 28. Ne5 Rbe8 29. Rc7 Ng4 30. Qg3 Rxe5 31. Qxg4 Re7 32. Rxe7 Qc5+ 33. Rf2
Qc1+ 34. Rf1 Qc5+ 35. d4 Qxe7 36. Qf3 h6 37. h3 c5 38. Qd3 Qa7 39. dxc5 Qxc5+
40. Kh1 d4 41. Re1 Kg8 42. Re4 Qc1+ 43. Kh2 Rxf4 44. Qxd4 Rxe4 45. Qxe4 Qd2 46.
Qb1 Qd6+ 47. Kh1 Kh8 48. Qe1 Qc5 49. Qd2 Qf5 50. Qd8+ Kh7 51. Qd1 Qc5 52. Qd3+
Kh8 53. Qd2 Kh7 54. Qb2 Qf5 55. a3 Qf1+ 56. Kh2 Qf4+ 57. g3 Qf3 58. b4 a4 59. h4
Qb3 60. Qc1 Qd3 61. Kh3 Qf5+ 62. Kg2 Qe4+ 63. Kf2 Qd3 64. Qe3 Qc2+ 65. Kf3 Qb3
66. Ke4 Qc4+ 67. Ke5 Qb3 68. Kd4 Qb2+ 69. Qc3 Qf2+ 70. Qe3 Qb2+ 71. Kc4 Qc2+ 72.
Qc3 Qa2+ 73. Kd3 Qd5+ 74. Kc2 Qg2+ 75. Kb1 Qf1+ 76. Kb2 Qb5 77. Qc5 Qb8 78. b5
Qxg3 79. b6 Qxh4 80. b7 Qf6+ 81. Qc3 Qb6+ 82. Qb4 Qf6+ 83. Ka2 Qe6+ 84. Kb1 Qf5+
85. Ka1 Qe5+ 86. Qb2 Qb8 87. Qb5 Kg6 88. Kb1 h5 89. Qc6+ Kf7 90. Qc8 Qe5 91.
b8=Q Qe1+ 92. Qc1 Qe4+ 93. Ka1 Qd4+ 94. Qbb2 1-0

[Event "Asian Nations Cup w 2014"]
[Site "Tabriz IRI"]
[Date "2014.05.23"]
[Round "2.1"]
[White "Abdumalik, Zhansaya"]
[Black "Khademalsharieh, Sarasadat"]
[Result "1/2-1/2"]
[WhiteTitle "WIM"]
[BlackTitle "WGM"]
[WhiteElo "2350"]
[BlackElo "2308"]
[WhiteTeam "Kazakhstan"]
[BlackTeam "Iran A"]
[WhiteFideId "13703544"]
[BlackFideId "12512214"]
[EventDate "2014.05.22"]

1. e4 e5 2. Nf3 Nc6 3. Bb5 f5 4. d3 fxe4 5. dxe4 Nf6 6. O-O Bc5 7. Qd3 d6 8. Qc4
Bd7 9. Bxc6 Bxc6 10. Nxe5 Bxf2+ 11. Rxf2 dxe5 12. Nc3 Qe7 13. Be3 Qf7 14. Qc5
Qe7 15. Qc4 Qf7 16. Qb4 a5 17. Qa3 Qe7 18. Bc5 Qe6 19. Raf1 b6 20. Be3 O-O-O 21.
Bg5 Qc4 22. Bxf6 gxf6 23. Qe7 Bxe4 24. Qxf6 Bb7 25. Qxe5 Rhg8 26. Re1 Kb8 27.
Ree2 Rg6 28. Qe7 Qd4 29. Qe3 Qb4 30. Qe7 Qd4 31. Qe3 Qb4 32. Qe7 Qd4 33. Qe3 Qb4 1/2-1/2

[Event "Asian Nations Cup w 2014"]
[Site "Tabriz IRI"]
[Date "2014.05.23"]
[Round "2.1"]
[White "Hejazipour, Mitra"]
[Black "Saduakassova, Dinara"]
[Result "1/2-1/2"]
[WhiteTitle "WIM"]
[BlackTitle "WGM"]
[WhiteElo "2249"]
[BlackElo "2335"]
[WhiteTeam "Iran A"]
[BlackTeam "Kazakhstan"]
[WhiteFideId "12505951"]
[BlackFideId "13700090"]
[EventDate "2014.05.22"]

1. Nf3 Nf6 2. c4 e6 3. g3 d5 4. d4 c5 5. cxd5 cxd4 6. dxe6 Bxe6 7. Qxd4 Nc6 8.
Qxd8+ Rxd8 9. Bg2 Nb4 10. Na3 Nxa2 11. O-O Bxa3 12. bxa3 Nc3 13. Re1 O-O 14. Bb2
Nfe4 15. Rac1 Na4 16. Bd4 b6 17. Rc7 a5 18. e3 f6 19. Rec1 Rc8 20. Ne1 Nec5 21.
Re7 Rfe8 22. Rxe8+ Rxe8 23. Bc6 Rd8 24. Bb5 Bd7 25. Bc4+ Be6 26. Bb5 1/2-1/2

[Event "Asian Nations Cup w 2014"]
[Site "Tabriz IRI"]
[Date "2014.05.23"]
[Round "2.1"]
[White "Davletbayeva, Madina"]
[Black "Hakimifard, Ghazal"]
[Result "1-0"]
[WhiteTitle "WIM"]
[BlackTitle "WIM"]
[WhiteElo "2275"]
[BlackElo "2224"]
[WhiteTeam "Kazakhstan"]
[BlackTeam "Iran A"]
[WhiteFideId "13703595"]
[BlackFideId "12506540"]
[EventDate "2014.05.22"]

1. e4 c5 2. Nf3 e6 3. d4 cxd4 4. Nxd4 a6 5. c4 Nf6 6. Nc3 Bb4 7. Qd3 Qc7 8. a3
Be7 9. Be2 O-O 10. O-O Nc6 11. b4 Ne5 12. Qg3 d6 13. Bh6 Ng6 14. Bd2 Rd8 15.
Rac1 b6 16. f4 Kh8 17. Be3 Bb7 18. Bf3 Re8 19. f5 exf5 20. Nxf5 Bf8 21. Nd5 Bxd5
22. cxd5 Qd7 23. Bxb6 Nxe4 24. Bxe4 Rxe4 25. Rc6 Re5 26. Rc7 Qd8 27. Rb7 Qe8 28.
Qd3 Qb5 29. Qxb5 axb5 30. Rxf7 Rxd5 31. Bd4 Kg8 32. Rb7 Ne5 33. Bxe5 Rxe5 34.
Nd4 Re7 35. Rxe7 Bxe7 36. Nxb5 d5 37. Rd1 Rd8 38. Kf2 Kf7 39. Ke3 Bg5+ 40. Kd4
Ke7 41. Re1+ Kf7 42. a4 Be7 43. Rf1+ Kg6 44. Rb1 Ra8 45. a5 Rb8 46. a6 Rxb5 47.
a7 Bxb4 48. a8=Q Bc5+ 49. Kxd5 Rxb1 50. Kxc5 Re1 51. Qf3 Re6 52. g4 Rf6 53. Qd3+
Kh6 54. Qh3+ 1-0

[Event "Asian Nations Cup w 2014"]
[Site "Tabriz IRI"]
[Date "2014.05.23"]
[Round "2.2"]
[White "Nguyen, Thi Mai Hung"]
[Black "Harika, Dronavalli"]
[Result "0-1"]
[WhiteTitle "WIM"]
[BlackTitle "GM"]
[WhiteElo "2316"]
[BlackElo "2503"]
[WhiteTeam "Vietnam"]
[BlackTeam "India"]
[WhiteFideId "12401676"]
[BlackFideId "5015197"]
[EventDate "2014.05.22"]

1. d4 Nf6 2. Nf3 d5 3. e3 b6 4. Bd3 Bb7 5. b3 Nbd7 6. Bb2 e6 7. O-O Bd6 8. c4
O-O 9. Ne5 Bxe5 10. dxe5 Ne4 11. cxd5 exd5 12. f3 Nec5 13. Bc2 Qe7 14. f4 f6 15.
Nc3 fxe5 16. b4 Ne6 17. Nxd5 Qd6 18. Bb3 Kh8 19. Rc1 c5 20. Nxb6 Qxb6 21. Qxd7
c4 22. Bxc4 Qxe3+ 23. Kh1 Bxg2+ 24. Kxg2 Nxf4+ 25. Rxf4 Rxf4 26. Qd5 Raf8 27.
Kh1 Rf2 0-1

[Event "Asian Nations Cup w 2014"]
[Site "Tabriz IRI"]
[Date "2014.05.23"]
[Round "2.2"]
[White "Tania, Sachdev"]
[Black "Hoang, Thi Bao Tram"]
[Result "1-0"]
[WhiteTitle "IM"]
[BlackTitle "WGM"]
[WhiteElo "2422"]
[BlackElo "2288"]
[WhiteTeam "India"]
[BlackTeam "Vietnam"]
[WhiteFideId "5007844"]
[BlackFideId "12401102"]
[EventDate "2014.05.22"]

1. d4 d5 2. c4 c6 3. Nf3 Nf6 4. Nc3 e6 5. Qb3 a6 6. Bg5 Be7 7. e3 Nbd7 8. cxd5
exd5 9. Bd3 O-O 10. Qc2 Re8 11. h3 Nf8 12. Bf4 Ng6 13. Bh2 Bd6 14. Bxd6 Qxd6 15.
O-O-O c5 16. dxc5 Qxc5 17. Kb1 Be6 18. Rc1 Rac8 19. Qa4 Qe7 20. Rhd1 Rc5 21. Rc2
Rec8 22. Rdc1 Nd7 23. Qd4 f6 24. b4 R5c6 25. Nxd5 Qf7 26. Bxg6 hxg6 27. e4 Qf8
28. Rxc6 Rxc6 29. Rxc6 bxc6 30. Nf4 Qf7 31. Nxe6 Qxe6 32. Nd2 Kh7 33. f4 Qe7 34.
Nb3 Nf8 35. Nc5 Qc7 36. e5 fxe5 37. fxe5 Qf7 38. Kb2 Qf1 39. Qe4 Qf2+ 40. Kb3 a5
41. e6 Qg3+ 42. Ka4 axb4 43. Kxb4 Qb8+ 44. Kc3 Qd6 45. Qh4+ Kg8 46. e7 Qe5+ 47.
Kd3 Nd7 48. Nxd7 Qf5+ 49. Kc3 Qxd7 50. Qc4+ Kh7 51. Qe4 Qe8 52. a4 Kg8 53. Qe6+
Kh7 54. a5 Kh6 55. a6 c5 56. Qe4 g5 57. a7 1-0

[Event "Asian Nations Cup w 2014"]
[Site "Tabriz IRI"]
[Date "2014.05.23"]
[Round "2.2"]
[White "Hoang, Thi Nhu Y"]
[Black "Gomes, Mary Ann"]
[Result "0-1"]
[WhiteTitle "WIM"]
[BlackTitle "WGM"]
[WhiteElo "2225"]
[BlackElo "2359"]
[WhiteTeam "Vietnam"]
[BlackTeam "India"]
[WhiteFideId "12401455"]
[BlackFideId "5013623"]
[EventDate "2014.05.22"]

1. d4 Nf6 2. Nf3 c5 3. c3 g6 4. Bf4 b6 5. Nbd2 Bb7 6. e3 Bg7 7. Be2 O-O 8. O-O
d6 9. Qb1 Nbd7 10. h3 e5 11. Bh2 Qe7 12. Nc4 Ne8 13. Re1 f5 14. a4 e4 15. Nfd2
d5 16. Na3 a6 17. Nc2 Kh8 18. a5 b5 19. dxc5 Nxc5 20. Qa2 Ne6 21. Qa3 Qxa3 22.
Rxa3 f4 23. exf4 Nxf4 24. Bf1 Nd6 25. Nb3 Rae8 26. Nc5 Bc8 27. Raa1 Be5 28. Rad1
Nxh3+ 29. gxh3 Bxh2+ 30. Kxh2 Rxf2+ 31. Kg1 Rxc2 32. Rxd5 Nf7 33. Rxe4 Rxe4 34.
Nxe4 Bb7 35. Rd4 Rxb2 36. Nd2 Ne5 37. Be2 Ra2 38. Kf2 Rxa5 39. Ke3 Kg7 40. Kf4
Nf7 41. Rd7 Bc8 42. Ra7 Ra4+ 43. Ke3 Bxh3 44. Ne4 h6 45. Nc5 Ra1 46. Nxa6 Bf1
47. Bf3 Bc4 48. Ra8 Ne5 49. Bb7 Rd1 50. Be4 h5 51. Nc5 Kh6 52. Bg2 Ng4+ 53. Kf4
Rd2 54. Bf3 Rf2 55. Ne4 Rf1 56. Nd2 g5+ 57. Kf5 Bd3+ 58. Ke6 Rf2 59. Rh8+ Kg6
60. Rg8+ Kh7 61. Rd8 Bg6 62. Ne4 Rf1 63. Bxg4 hxg4 64. Nf6+ Kg7 65. Rg8+ Kh6 66.
Rh8+ Bh7 67. Kf7 Rxf6+ 68. Kxf6 g3 69. Rd8 g2 70. Rd1 Kh5 71. Rg1 Be4 72. Ke5
Bc6 73. Kd4 Kg4 74. Ke3 Kg3 0-1

[Event "Asian Nations Cup w 2014"]
[Site "Tabriz IRI"]
[Date "2014.05.23"]
[Round "2.2"]
[White "Padmini, Rout"]
[Black "Luong, Phuong Hanh"]
[Result "1-0"]
[WhiteTitle "WGM"]
[WhiteElo "2354"]
[BlackElo "2122"]
[WhiteTeam "India"]
[BlackTeam "Vietnam"]
[WhiteFideId "5029295"]
[BlackFideId "12401013"]
[EventDate "2014.05.22"]

1. e4 c5 2. Nf3 Nc6 3. d4 cxd4 4. Nxd4 g6 5. c4 Bg7 6. Be3 Nf6 7. Nc3 O-O 8. Be2
d6 9. O-O Bd7 10. Qd2 Nxd4 11. Bxd4 Qa5 12. Rfd1 Bc6 13. f3 Qh5 14. Be3 Qa5 15.
a3 Rfe8 16. b4 Qd8 17. Rac1 Bd7 18. c5 a5 19. cxd6 axb4 20. axb4 exd6 21. Qxd6
Bf8 22. Qd4 Be6 23. Bb5 Bg7 24. Bxe8 Qxe8 25. Qd2 Bb3 26. Re1 b5 27. Bh6 Rd8 28.
Qg5 Bh8 29. e5 Nd7 30. f4 Ra8 31. Ne4 Qb8 32. Nc5 Qa7 33. Kh1 Bd5 34. Nxd7 Qxd7
35. Red1 Bg7 36. Bxg7 Kxg7 37. f5 h6 38. Qf6+ Kh7 39. e6 Bxg2+ 40. Kxg2 Qb7+ 41.
Kg1 1-0